[Event "St Louis Winter A 2019"]
[Site "Saint Louis USA"]
[Date "2019.11.18"]
[Round "9"]
[White "Akobian, Varuzhan"]
[Black "Sevian, Samuel"]
[Result "1/2-1/2"]
[WhiteElo "2627"]
[BlackElo "2657"]
[PlyCount "60"]
[EventDate "2019.11.10"]

1. d4 Nf6 2. c4 e6 3. Nc3 Bb4 4. Qc2 d5 5. cxd5 exd5 6. Bg5 h6 7. Bxf6 Qxf6 8.
a3 Bxc3+ 9. Qxc3 O-O 10. e3 Bf5 11. Nf3 Rc8 12. Bd3 Bxd3 13. Qxd3 Nd7 14. O-O
a5 15. Qb5 Qd6 16. Rfc1 Ra7 17. a4 c6 18. Qb3 Qe7 19. Ne1 Nf6 20. Nd3 Ne4 21.
Nc5 Nd6 22. Qb6 Rca8 23. Rc3 h5 24. Re1 h4 25. h3 Nc4 26. Qb3 Qf6 27. Nd7 Qd8
28. Nc5 Qf6 29. Nd7 Qd6 30. Nc5 Qf6 1/2-1/2

[Event "St Louis Winter A 2019"]
[Site "Saint Louis USA"]
[Date "2019.11.18"]
[Round "9"]
[White "Oparin, Grigoriy"]
[Black "Xiong, Jeffery"]
[Result "1/2-1/2"]
[WhiteElo "2657"]
[BlackElo "2712"]
[PlyCount "76"]
[EventDate "2019.11.10"]

1. Nf3 d5 2. g3 g6 3. Bg2 Bg7 4. d4 Nf6 5. O-O O-O 6. c4 c6 7. Qa4 Nbd7 8. cxd5
Nb6 9. Qb3 Qxd5 10. Qb4 Qd6 11. Qe1 Bg4 12. Nbd2 Nfd7 13. a4 Bxf3 14. Nxf3 e5
15. a5 Nd5 16. dxe5 Nxe5 17. Nxe5 Qxe5 18. e4 Rfe8 19. Ra4 Rad8 20. f4 Qe7 21.
Kh1 Qc5 22. Qe2 Bd4 23. Qc4 Ne3 24. Bxe3 Bxe3 25. Qxc5 Bxc5 26. Rc4 Bd4 27. e5
Re7 28. Rd1 Bb6 29. Rxd8+ Bxd8 30. a6 bxa6 31. Bxc6 Kg7 32. Kg2 f6 33. exf6+
Kxf6 34. Be4 Bb6 35. Kf3 Rc7 36. Bc6 Ke6 37. Re4+ Kd6 38. Ba4 Re7 1/2-1/2

[Event "Tata Steel India Rapid"]
[Site "Kolkata IND"]
[Date "2019.11.22"]
[Round "1"]
[White "Aronian, Levon"]
[Black "Nakamura, Hikaru"]
[Result "1/2-1/2"]
[WhiteElo "2772"]
[BlackElo "2741"]
[PlyCount "63"]
[EventDate "2019.11.22"]
[EventType "rapid"]

1. e4 e5 2. Nf3 Nc6 3. Bc4 Bc5 4. c3 Nf6 5. d4 exd4 6. e5 d5 7. Bb5 Ne4 8. cxd4
Bb6 9. Nc3 Bg4 10. Be3 O-O 11. h3 Bh5 12. Qc2 Nxc3 13. bxc3 f6 14. exf6 Qxf6
15. Be2 Bg6 16. Bd3 Bxd3 17. Qxd3 Rae8 18. O-O Qf5 19. Qe2 Qh5 20. Rae1 Na5 21.
Qc2 Nc4 22. Nd2 Qf5 23. Qxf5 Rxf5 24. g4 Nxd2 25. Bxd2 Rxe1 26. Rxe1 Rf3 27.
Re3 Rxe3 28. Bxe3 Ba5 29. Bd2 Kf7 30. Kf1 c6 31. Ke2 Bc7 32. Kd3 1/2-1/2

[Event "Tata Steel India Rapid"]
[Site "Kolkata IND"]
[Date "2019.11.22"]
[Round "1"]
[White "So, Wesley"]
[Black "Carlsen, Magnus"]
[Result "1/2-1/2"]
[WhiteElo "2760"]
[BlackElo "2870"]
[PlyCount "113"]
[EventDate "2019.11.22"]
[EventType "rapid"]

1. e4 c5 2. Nf3 d6 3. d4 cxd4 4. Nxd4 Nf6 5. Nc3 a6 6. h3 e5 7. Nb3 Be7 8. g4
h6 9. Be3 b5 10. a4 bxa4 11. Rxa4 Bd7 12. Ra1 Nc6 13. Nd5 O-O 14. Nb6 Rb8 15.
Nxd7 Qxd7 16. Bg2 a5 17. O-O Bd8 18. Qf3 Nb4 19. Qe2 a4 20. Nc1 Qc6 21. c3 Na6
22. Nd3 Bb6 23. Nxe5 dxe5 24. Qxa6 Rfc8 25. Bxb6 Rxb6 26. Qxa4 Rxb2 27. Qxc6
Rxc6 28. Ra5 Nd7 29. Rd5 Rb7 30. Rfd1 Nf8 31. Rxe5 Ne6 32. Rc1 Rbc7 33. h4 g5
34. hxg5 hxg5 35. Rf5 Rxc3 36. Rxc3 Rxc3 37. e5 Rc4 38. Bd5 Rxg4+ 39. Kh2 Rd4
40. Bxe6 fxe6 41. Rf6 Rd5 42. Rg6+ Kf7 43. Rxg5 Rd1 44. f4 Rd3 45. Kg2 Ra3 46.
Rg3 Ra4 47. Kf3 Ra1 48. Kg4 Kg6 49. Kf3+ Kf7 50. Rg2 Ra3+ 51. Kg4 Ra1 52. Rb2
Rg1+ 53. Kf3 Rf1+ 54. Ke3 Re1+ 55. Kf2 Ra1 56. Rb8 Ra3 57. Rb6 1/2-1/2

[Event "Tata Steel India Rapid"]
[Site "Kolkata IND"]
[Date "2019.11.22"]
[Round "1"]
[White "Ding, Liren"]
[Black "Anand, Viswanathan"]
[Result "1/2-1/2"]
[WhiteElo "2801"]
[BlackElo "2757"]
[PlyCount "50"]
[EventDate "2019.11.22"]
[EventType "rapid"]

1. d4 Nf6 2. c4 e6 3. g3 Bb4+ 4. Bd2 Be7 5. Bg2 d5 6. Nf3 O-O 7. O-O Nbd7 8.
Qc2 c6 9. Bf4 b6 10. Nbd2 Nh5 11. e3 Bb7 12. cxd5 cxd5 13. Bc7 Qe8 14. Rfc1
Nhf6 15. Bf1 Nb8 16. Ne5 Na6 17. Qb3 Nxc7 18. Rxc7 Rb8 19. Rac1 Bd6 20. R7c2
Qe7 21. Qa4 Ra8 22. Ba6 Bxa6 23. Qxa6 Bxe5 24. dxe5 Nd7 25. Nf3 Qb4 1/2-1/2

[Event "Tata Steel India Rapid"]
[Site "Kolkata IND"]
[Date "2019.11.22"]
[Round "1"]
[White "Harikrishna, Pentala"]
[Black "Vidit, Santosh Gujrathi"]
[Result "1/2-1/2"]
[WhiteElo "2731"]
[BlackElo "2722"]
[PlyCount "95"]
[EventDate "2019.11.22"]
[EventType "rapid"]

1. d4 Nf6 2. c4 e6 3. g3 d5 4. Bg2 Be7 5. Nf3 O-O 6. O-O dxc4 7. Qc2 a6 8. a4
Bd7 9. Qxc4 Bc6 10. Bg5 Bd5 11. Qd3 c5 12. dxc5 Nbd7 13. Nc3 Nxc5 14. Qe3 Bxf3
15. Bxf3 Qa5 16. Qf4 Ncd7 17. Rad1 Rad8 18. Bxf6 Nxf6 19. Rxd8 Rxd8 20. Bxb7
Qb6 21. Bf3 Qxb2 22. Qc7 Rd7 23. Qc6 Rd6 24. Qc4 Qb8 25. Kg2 g6 26. Rb1 Rb6 27.
Rd1 Rd6 28. Rxd6 Qxd6 29. Bb7 a5 30. Nb5 Qc5 31. Qf4 Kg7 32. Qd2 Qb4 33. Qxb4
Bxb4 34. Nd4 Nd7 35. Bc6 Ne5 36. Bb5 Bc3 37. Nc2 g5 38. f4 gxf4 39. gxf4 Ng6
40. e3 e5 41. Kf3 f5 42. Na3 Kf6 43. Nc4 exf4 44. exf4 Ne7 45. Ne3 Bb4 46. Bc4
Bd6 47. h3 h6 48. Nd5+ 1/2-1/2

[Event "Tata Steel India Rapid"]
[Site "Kolkata IND"]
[Date "2019.11.22"]
[Round "1"]
[White "Nepomniachtchi, Ian"]
[Black "Giri, Anish"]
[Result "0-1"]
[WhiteElo "2773"]
[BlackElo "2776"]
[PlyCount "104"]
[EventDate "2019.11.22"]
[EventType "rapid"]

1. c4 Nf6 2. g3 e6 3. Nf3 d5 4. d4 Be7 5. Bg2 O-O 6. Qc2 c5 7. dxc5 Qa5+ 8.
Nbd2 Qxc5 9. a3 b5 10. b4 Qc7 11. c5 a5 12. Bb2 Nc6 13. Nd4 Nxd4 14. Bxd4 e5
15. Bb2 axb4 16. axb4 Rxa1+ 17. Bxa1 d4 18. O-O Be6 19. Qd3 Nd5 20. Bxd5 Bxd5
21. e3 Qc6 22. exd4 e4 23. Qe3 f5 24. f4 Ra8 25. Bc3 Ra2 26. Ra1 Qa6 27. Qe1
Rxa1 28. Qxa1 Qe6 29. Qf1 e3 30. Qxb5 Kf7 31. Qd3 exd2 32. Bxd2 Bf6 33. Bc3 Be4
34. Qd2 Qc4 35. Kf2 Bc6 36. Ke1 Bb5 37. Kd1 Ba4+ 38. Ke1 Qe6+ 39. Kf2 Bc6 40.
b5 Bxb5 41. d5 Qe4 42. Bxf6 gxf6 43. c6 Qc4 44. Qd1 Qc5+ 45. Kg2 Bc4 46. Kh3
Qxd5 47. Qh5+ Kg7 48. Qe8 Qf3 49. Qd7+ Kg6 50. Qe8+ Bf7 51. Qd7 Qf1+ 52. Kh4
Qg2 0-1

[Event "Tata Steel India Rapid"]
[Site "Kolkata IND"]
[Date "2019.11.22"]
[Round "2"]
[White "Harikrishna, Pentala"]
[Black "Ding, Liren"]
[Result "1/2-1/2"]
[WhiteElo "2731"]
[BlackElo "2801"]
[PlyCount "82"]
[EventDate "2019.11.22"]
[EventType "rapid"]

1. d4 Nf6 2. c4 g6 3. Nc3 d5 4. cxd5 Nxd5 5. e4 Nxc3 6. bxc3 Bg7 7. Bc4 c5 8.
Ne2 Nc6 9. Be3 O-O 10. O-O b6 11. Rc1 Bb7 12. Qd2 e6 13. Rfd1 cxd4 14. cxd4 Rc8
15. Bb5 Qd6 16. Bf4 e5 17. d5 Na5 18. Be3 Rxc1 19. Rxc1 Rc8 20. h3 Bf8 21. Rxc8
Bxc8 22. Qc3 Bd7 23. Bxd7 Qxd7 24. Qxe5 Nc4 25. Qd4 Nxe3 26. Qxe3 Qa4 27. Nc3
Qc2 28. e5 Bc5 29. Qf3 Bxf2+ 30. Qxf2 Qxc3 31. d6 Qxe5 32. Qd2 Qc5+ 33. Kh1 Qc8
34. d7 Qd8 35. Qd6 f5 36. Kg1 Kf7 37. Kf1 b5 38. Kf2 a5 39. Qd5+ Ke7 40. Qxb5
Qxd7 41. Qxa5 Qd4+ 1/2-1/2

[Event "Tata Steel India Rapid"]
[Site "Kolkata IND"]
[Date "2019.11.22"]
[Round "2"]
[White "Carlsen, Magnus"]
[Black "Nepomniachtchi, Ian"]
[Result "1-0"]
[WhiteElo "2870"]
[BlackElo "2773"]
[PlyCount "87"]
[EventDate "2019.11.22"]
[EventType "rapid"]

1. e4 c5 2. Nf3 d6 3. Bb5+ Nd7 4. d4 cxd4 5. Qxd4 a6 6. Be2 Ngf6 7. O-O e5 8.
Qe3 Nc5 9. Nfd2 b5 10. c4 bxc4 11. Nc3 Bb7 12. Bxc4 Be7 13. b4 Ne6 14. Nb3 Rc8
15. Na5 Qd7 16. Qd3 O-O 17. Be3 Bd8 18. Nxb7 Qxb7 19. Nd5 Nc7 20. Nxf6+ Bxf6
21. Rab1 Rfd8 22. Rfd1 h6 23. f3 Qc6 24. Qb3 Qe8 25. a4 Rb8 26. b5 axb5 27.
axb5 Ne6 28. b6 Bg5 29. Bf2 Nd4 30. Bxd4 exd4 31. Rxd4 Rdc8 32. b7 Rc5 33. Bd5
Qe7 34. Rc4 Qc7 35. Rxc5 dxc5 36. g3 Bf6 37. Kg2 Qe7 38. Qb6 Be5 39. Qc6 Kh7
40. f4 Bd4 41. Qc8 Qd6 42. Qf5+ Kh8 43. Kh3 Qa6 44. e5 1-0

[Event "Tata Steel India Rapid"]
[Site "Kolkata IND"]
[Date "2019.11.22"]
[Round "2"]
[White "Vidit, Santosh Gujrathi"]
[Black "Nakamura, Hikaru"]
[Result "1/2-1/2"]
[WhiteElo "2722"]
[BlackElo "2741"]
[PlyCount "82"]
[EventDate "2019.11.22"]
[EventType "rapid"]

1. d4 Nf6 2. c4 e6 3. Nf3 d5 4. g3 dxc4 5. Bg2 a6 6. O-O Nc6 7. Nbd2 b5 8. b3
Rb8 9. Bb2 cxb3 10. Nxb3 Be7 11. Rc1 Bb7 12. Ne1 Na7 13. Bxb7 Rxb7 14. Nd3 O-O
15. Qc2 Qa8 16. Na5 Rb6 17. Qxc7 Nd5 18. Qc2 Bg5 19. Rcd1 Rc8 20. Nc5 Nc6 21.
Nab3 a5 22. e4 Ndb4 23. Qb1 a4 24. Nc1 Na6 25. Nxa6 Rxa6 26. d5 Na5 27. Ba1 Nc4
28. dxe6 Rxe6 29. Rd5 Be7 30. Ne2 Rd6 31. Nf4 Rxd5 32. Nxd5 Bf8 33. Qxb5 Nd2
34. Rd1 Nxe4 35. Qe2 Nc5 36. Qg4 Rd8 37. Nf6+ Kh8 38. Rxd8 Qxd8 39. Nh5 Ne6 40.
Qxa4 Qd5 41. Qg4 Qxa2 1/2-1/2

[Event "Tata Steel India Rapid"]
[Site "Kolkata IND"]
[Date "2019.11.22"]
[Round "2"]
[White "Giri, Anish"]
[Black "Aronian, Levon"]
[Result "1/2-1/2"]
[WhiteElo "2776"]
[BlackElo "2772"]
[PlyCount "51"]
[EventDate "2019.11.22"]
[EventType "rapid"]

1. e4 e5 2. Nf3 Nc6 3. Bb5 Nf6 4. O-O Nxe4 5. Re1 Nd6 6. Nxe5 Be7 7. Bf1 Nxe5
8. Rxe5 O-O 9. Nc3 Ne8 10. Nd5 Bd6 11. Re1 c6 12. Ne3 Bc7 13. Nf5 d5 14. Ne7+
Kh8 15. Nxc8 Rxc8 16. d3 f5 17. Qf3 Nf6 18. g3 Ng4 19. d4 Qf6 20. h3 Nh6 21.
Bxh6 Qxh6 22. c3 Qf6 23. Bd3 g6 24. Re2 Rce8 25. Rae1 Rxe2 26. Rxe2 1/2-1/2

[Event "Tata Steel India Rapid"]
[Site "Kolkata IND"]
[Date "2019.11.22"]
[Round "3"]
[White "Nakamura, Hikaru"]
[Black "Giri, Anish"]
[Result "1-0"]
[WhiteElo "2741"]
[BlackElo "2776"]
[PlyCount "83"]
[EventDate "2019.11.22"]
[EventType "rapid"]

1. e4 c5 2. Nf3 d6 3. Bb5+ Nd7 4. Ba4 Ngf6 5. O-O e6 6. Re1 a6 7. c3 b5 8. Bc2
c4 9. a4 Bb7 10. d4 cxd3 11. Qxd3 Nc5 12. Qe2 bxa4 13. Be3 Bxe4 14. Bxc5 Bxc2
15. Qxc2 dxc5 16. Qxa4+ Qd7 17. Ne5 Qxa4 18. Rxa4 Bd6 19. Nc4 Bc7 20. Nbd2 Ke7
21. Rea1 a5 22. Nb3 Nd7 23. Nbxa5 Bxa5 24. Rxa5 Rxa5 25. Rxa5 e5 26. Kf1 h5 27.
h4 Rb8 28. Ke2 Rb7 29. Kd3 f6 30. Ke4 Rc7 31. Kd5 f5 32. Ra6 e4 33. Ne3 Nf6+
34. Ke5 Rd7 35. Nxf5+ Kf7 36. Nd6+ Ke7 37. Nxe4 Nxe4 38. Kxe4 Rd2 39. Ke3 Rxb2
40. Rg6 Kf7 41. Rg5 c4 42. Rc5 1-0

[Event "Tata Steel India Rapid"]
[Site "Kolkata IND"]
[Date "2019.11.22"]
[Round "3"]
[White "So, Wesley"]
[Black "Harikrishna, Pentala"]
[Result "1/2-1/2"]
[WhiteElo "2760"]
[BlackElo "2731"]
[PlyCount "87"]
[EventDate "2019.11.22"]
[EventType "rapid"]

1. c4 Nf6 2. g3 e6 3. Bg2 d5 4. Nf3 Be7 5. O-O O-O 6. b3 d4 7. Bb2 c5 8. b4 Nc6
9. b5 Na5 10. d3 Bd6 11. Nbd2 h6 12. e3 e5 13. Re1 Qc7 14. Qc2 Bd7 15. exd4
exd4 16. Ne4 Nxe4 17. Rxe4 Bf5 18. Re2 Rae8 19. Rae1 Qd7 20. Bc1 b6 21. Bd2
Rxe2 22. Rxe2 Re8 23. Bxa5 bxa5 24. Nh4 Rxe2 25. Qxe2 Bg4 26. Bf3 Be6 27. Bc6
Qe7 28. Qe4 Bh3 29. Qxe7 Bxe7 30. Nf3 Bd6 31. Nd2 Bc7 32. Ne4 Bb6 33. f4 Kf8
34. Nf2 Bc8 35. Kg2 f5 36. h4 Ke7 37. Bf3 a4 38. a3 Ba5 39. Nd1 Bb4 40. Nb2
Bxa3 41. Nxa4 Kd6 42. b6 axb6 43. Nxb6 Kc7 44. Nxc8 1/2-1/2

[Event "Tata Steel India Rapid"]
[Site "Kolkata IND"]
[Date "2019.11.22"]
[Round "3"]
[White "Aronian, Levon"]
[Black "Carlsen, Magnus"]
[Result "0-1"]
[WhiteElo "2772"]
[BlackElo "2870"]
[PlyCount "136"]
[EventDate "2019.11.22"]
[EventType "rapid"]

1. e4 c5 2. Nf3 d6 3. d4 cxd4 4. Nxd4 Nf6 5. Nc3 a6 6. f3 e5 7. Nb3 Be6 8. Be3
Nbd7 9. g4 Be7 10. Qd2 O-O 11. O-O-O b5 12. g5 Nh5 13. Kb1 Nb6 14. Na5 Rc8 15.
a3 g6 16. h4 Ng3 17. Rg1 Nxf1 18. Rgxf1 Na4 19. Nxa4 bxa4 20. h5 Qd7 21. Rh1
Rfe8 22. Qh2 Bf8 23. Bd2 Rc7 24. Bb4 Rb8 25. Rd3 Qb5 26. Rc3 Rbc8 27. Rxc7 Rxc7
28. Rd1 Rd7 29. Rd3 Be7 30. hxg6 fxg6 31. Qd2 Qb6 32. Qc1 Bd8 33. c4 Qf2 34.
Nc6 Bxg5 35. Qxg5 Qf1+ 36. Kc2 Bxc4 37. Qe3 Bxd3+ 38. Qxd3 Qxd3+ 39. Kxd3 h5
40. Ke3 Kf7 41. Bc3 Ke6 42. Nb4 g5 43. Kf2 Rf7 44. Kg2 g4 45. fxg4 Rg7 46. Nd5
Rxg4+ 47. Kf3 Rg1 48. Kf2 Rg7 49. Kf3 h4 50. Be1 h3 51. Bg3 Rb7 52. Nb4 a5 53.
Nd3 Rb3 54. Ke2 Kf6 55. Bh2 Kg5 56. Bg3 Kg4 57. Bh2 Rxd3 58. Kxd3 Kf3 59. Kd2
Kxe4 60. Ke2 d5 61. Bg3 d4 62. Bh2 Kd5 63. Kd2 e4 64. Ke2 Kc4 65. Be5 Kb3 66.
Kd2 d3 67. Kd1 e3 68. Kc1 Kc4 0-1

[Event "Tata Steel India Rapid"]
[Site "Kolkata IND"]
[Date "2019.11.22"]
[Round "3"]
[White "Nepomniachtchi, Ian"]
[Black "Anand, Viswanathan"]
[Result "1-0"]
[WhiteElo "2773"]
[BlackElo "2757"]
[PlyCount "43"]
[EventDate "2019.11.22"]
[EventType "rapid"]

1. c4 e5 2. g3 Nf6 3. Bg2 Bc5 4. Nc3 c6 5. Nf3 e4 6. Nh4 d5 7. d4 Be7 8. cxd5
cxd5 9. O-O O-O 10. f3 exf3 11. Rxf3 Nc6 12. Nf5 Ne4 13. Rf1 Bf6 14. e3 Nxc3
15. bxc3 Be6 16. Rb1 Qd7 17. e4 Rfe8 18. Nh6+ Kh8 19. Rxf6 gxf6 20. Qf3 Kg7 21.
exd5 Bxd5 22. Nf5+ 1-0

[Event "Tata Steel India Rapid"]
[Site "Kolkata IND"]
[Date "2019.11.22"]
[Round "3"]
[White "Ding, Liren"]
[Black "Vidit, Santosh Gujrathi"]
[Result "1/2-1/2"]
[WhiteElo "2801"]
[BlackElo "2722"]
[PlyCount "163"]
[EventDate "2019.11.22"]
[EventType "rapid"]

1. c4 c5 2. g3 g6 3. Bg2 Bg7 4. Nc3 Nc6 5. d3 d6 6. Qd2 Nf6 7. b3 O-O 8. Bb2
Rb8 9. e3 Bf5 10. h3 Nb4 11. e4 Bd7 12. Nge2 a6 13. O-O b5 14. Nd5 Nc6 15.
Nxf6+ Bxf6 16. Bxf6 exf6 17. cxb5 axb5 18. d4 cxd4 19. Nxd4 Nxd4 20. Qxd4 Be6
21. Rfd1 Rb6 22. Rd2 b4 23. Rc1 Kg7 24. f4 h5 25. f5 gxf5 26. Rf1 Re8 27. exf5
Bd7 28. Qh4 Rh8 29. Bd5 Rb5 30. Kh2 Qe7 31. Rff2 Qe3 32. Qf4 Qxf4 33. Rxf4 Rc8
34. g4 hxg4 35. hxg4 Bc6 36. Bxc6 Rxc6 37. Rfd4 Rbb6 38. Kg3 Kf8 39. Kf4 Kg7
40. Ke4 Kf8 41. Kf4 Kg7 42. g5 fxg5+ 43. Kxg5 f6+ 44. Kf4 Kf7 45. Rh2 Rc1 46.
Rh7+ Kg8 47. Ra7 Rf1+ 48. Kg4 Rg1+ 49. Kh5 Rg5+ 50. Kh6 Rxf5 51. Kg6 Rfb5 52.
Rxd6 Rg5+ 53. Kxf6 Rxd6+ 54. Kxg5 Kf8 55. Kf5 Ke8 56. Ke5 Rd2 57. Ke4 Kd8 58.
Ke3 Rh2 59. Kd4 Kc8 60. Kc5 Kb8 61. Ra4 Kc7 62. Ra7+ Kb8 63. Ra4 Kc7 64. Kxb4
Kb6 65. Ra8 Kb7 66. Ra5 Kb6 67. Rb5+ Ka6 68. a4 Rh4+ 69. Ka3 Rh3 70. Rg5 Kb6
71. a5+ Ka6 72. Ka4 Rh1 73. Rg6+ Kb7 74. a6+ Ka7 75. b4 Rh5 76. b5 Rf5 77. Ka5
Rf8 78. Rg7+ Kb8 79. a7+ Ka8 80. b6 Rf5+ 81. Ka6 Ra5+ 82. Kxa5 1/2-1/2

[Event "Tata Steel India Rapid"]
[Site "Kolkata IND"]
[Date "2019.11.23"]
[Round "4"]
[White "Vidit, Santosh Gujrathi"]
[Black "Giri, Anish"]
[Result "1/2-1/2"]
[WhiteElo "2722"]
[BlackElo "2776"]
[PlyCount "60"]
[EventDate "2019.11.22"]
[EventType "rapid"]

1. d4 Nf6 2. c4 g6 3. Nc3 Bg7 4. g3 O-O 5. Bg2 Nc6 6. Bf4 d6 7. Nf3 Bf5 8. d5
Na5 9. Nd2 c5 10. e4 Bg4 11. Qc2 a6 12. h3 Bd7 13. Rb1 b5 14. b3 e5 15. dxe6
Bxe6 16. cxb5 axb5 17. Nxb5 Nc6 18. O-O Nb4 19. Qd1 Rxa2 20. Bxd6 Qd7 21. e5
Ne8 22. Nc3 Nxd6 23. Nxa2 Nxa2 24. exd6 Nc3 25. Qc2 Nxb1 26. Rxb1 Qxd6 27. Ne4
Bf5 28. Nxd6 Bxc2 29. Rc1 Bxb3 30. Rxc5 Rd8 1/2-1/2

[Event "Tata Steel India Rapid"]
[Site "Kolkata IND"]
[Date "2019.11.23"]
[Round "4"]
[White "Carlsen, Magnus"]
[Black "Nakamura, Hikaru"]
[Result "1-0"]
[WhiteElo "2870"]
[BlackElo "2741"]
[PlyCount "101"]
[EventDate "2019.11.22"]
[EventType "rapid"]

1. c4 e5 2. Nc3 Nf6 3. Nf3 Nc6 4. d3 d5 5. cxd5 Nxd5 6. e4 Nf4 7. Bxf4 exf4 8.
d4 Bd6 9. h3 O-O 10. a3 a6 11. Bc4 Kh8 12. e5 Be7 13. d5 Na5 14. Ba2 b5 15. O-O
f6 16. b4 Nc4 17. Bxc4 bxc4 18. e6 Bb7 19. Qd4 c6 20. Qxc4 cxd5 21. Qxf4 Rc8
22. Ne2 Bd6 23. Qe3 a5 24. Ned4 Re8 25. Nf5 Bb8 26. Rac1 Rc4 27. N5d4 axb4 28.
axb4 Ba7 29. b5 Bc5 30. Qd3 Qb6 31. Rxc4 dxc4 32. Qxc4 Bxf3 33. Nxf3 Rxe6 34.
g3 Re8 35. Kg2 Rb8 36. Rc1 Bf8 37. Nd4 h5 38. Ne6 Ba3 39. Rc3 Bb4 40. Qxb4 Qxe6
41. Rc5 Qf7 42. Qf4 Rd8 43. Qf3 g6 44. b6 Rd7 45. Rc8+ Kg7 46. Qc6 Kh6 47. h4
f5 48. Rc7 Qd5+ 49. Qxd5 Rxd5 50. b7 Rb5 51. f4 1-0

[Event "Tata Steel India Rapid"]
[Site "Kolkata IND"]
[Date "2019.11.23"]
[Round "4"]
[White "Harikrishna, Pentala"]
[Black "Nepomniachtchi, Ian"]
[Result "1-0"]
[WhiteElo "2731"]
[BlackElo "2773"]
[PlyCount "63"]
[EventDate "2019.11.22"]
[EventType "rapid"]

1. e4 c5 2. Nf3 d6 3. Bb5+ Nd7 4. O-O a6 5. Bd3 Ngf6 6. c3 b5 7. a4 b4 8. Bc2
Bb7 9. Re1 Qc7 10. d3 e6 11. a5 Be7 12. h3 O-O 13. Bf4 Rfd8 14. Nbd2 bxc3 15.
bxc3 Ne5 16. d4 cxd4 17. cxd4 Rac8 18. Ra2 Nc6 19. Qb1 Rb8 20. Bd3 e5 21. Be3
exd4 22. Nxd4 Ne5 23. Nf5 Rdc8 24. Bb6 Qd7 25. Nxe7+ Qxe7 26. Bf1 Nfd7 27. Ba7
Bd5 28. Rc2 Rxb1 29. Rxc8+ Nf8 30. Rxb1 Bb7 31. Rb8 Bxe4 32. Rxf8+ 1-0

[Event "Tata Steel India Rapid"]
[Site "Kolkata IND"]
[Date "2019.11.23"]
[Round "4"]
[White "Ding, Liren"]
[Black "So, Wesley"]
[Result "0-1"]
[WhiteElo "2801"]
[BlackElo "2760"]
[PlyCount "82"]
[EventDate "2019.11.22"]
[EventType "rapid"]

1. d4 Nf6 2. c4 e6 3. Nf3 d5 4. Nc3 Be7 5. Bg5 h6 6. Bh4 dxc4 7. e3 c5 8. Bxc4
cxd4 9. Nxd4 Bd7 10. O-O Nc6 11. Nf3 O-O 12. Rc1 Rc8 13. a3 Qb6 14. Na4 Qc7 15.
b4 a6 16. Bd3 e5 17. Nc5 Rfd8 18. Qb3 Bg4 19. Bxf6 Bxf6 20. Be4 Rd6 21. h3 Bd7
22. Rc2 Be8 23. Rfc1 Rcd8 24. g4 h5 25. Kg2 hxg4 26. hxg4 b6 27. Nd3 Qd7 28.
Kg3 Rxd3 29. Qxd3 Qxd3 30. Bxd3 Rxd3 31. g5 Be7 32. Rxc6 Bxc6 33. Rxc6 e4 34.
Ne5 Bd6 35. Kf4 Rd5 36. Rc8+ Kh7 37. Re8 Rxe5 38. Rxe5 f6 39. gxf6 gxf6 40.
Kxe4 Bxe5 41. Kd5 Bb2 0-1

[Event "Tata Steel India Rapid"]
[Site "Kolkata IND"]
[Date "2019.11.23"]
[Round "5"]
[White "Nepomniachtchi, Ian"]
[Black "Ding, Liren"]
[Result "0-1"]
[WhiteElo "2773"]
[BlackElo "2801"]
[PlyCount "94"]
[EventDate "2019.11.22"]
[EventType "rapid"]

1. e4 e5 2. Nf3 Nc6 3. Bb5 a6 4. Ba4 Nf6 5. O-O Be7 6. Re1 b5 7. Bb3 d6 8. c3
O-O 9. d4 Bg4 10. Be3 exd4 11. cxd4 Na5 12. Bc2 Nc4 13. Bc1 c5 14. b3 Nb6 15.
Nbd2 Rc8 16. h3 Bh5 17. a4 cxd4 18. axb5 axb5 19. Bb2 Nbd7 20. Bxd4 Ne5 21. Bb1
Nfd7 22. Qe2 Bf6 23. g4 Bg6 24. Qxb5 h5 25. Ra7 hxg4 26. hxg4 Nc6 27. Ra4 Nxd4
28. Nxd4 Nc5 29. Rc4 Rb8 30. Qc6 Re8 31. e5 Bxb1 32. Rxb1 Bxe5 33. N4f3 Nd3 34.
g5 d5 35. Rh4 g6 36. Qa6 Nc5 37. Qf1 Bg7 38. Qh3 Ne4 39. Kg2 Nxg5 40. Qh2 Nxf3
41. Nxf3 Re4 42. Rd1 Rxh4 43. Qxh4 Bf6 44. Qa4 Qd6 45. Rc1 d4 46. Qc6 Qf4 47.
Qd7 Qxc1 0-1

[Event "Tata Steel India Rapid"]
[Site "Kolkata IND"]
[Date "2019.11.23"]
[Round "5"]
[White "So, Wesley"]
[Black "Vidit, Santosh Gujrathi"]
[Result "1-0"]
[WhiteElo "2760"]
[BlackElo "2722"]
[PlyCount "111"]
[EventDate "2019.11.22"]
[EventType "rapid"]

1. e4 e5 2. Nf3 Nc6 3. Bb5 Nf6 4. d3 Bc5 5. O-O Nd4 6. Nxd4 Bxd4 7. c3 Bb6 8.
Ba4 O-O 9. Bg5 h6 10. Bh4 g5 11. Bg3 d6 12. Nd2 Bg4 13. Qe1 Be6 14. Kh1 Nh5 15.
Bb3 Qd7 16. Qe2 Bg4 17. f3 Be6 18. Nc4 Kg7 19. Nxb6 axb6 20. d4 Bxb3 21. axb3
f6 22. Bf2 Nf4 23. Qc2 h5 24. Be3 h4 25. Bxf4 exf4 26. h3 Rfe8 27. Kh2 Rxa1 28.
Rxa1 d5 29. Re1 b5 30. Re2 c6 31. Qd3 Re6 32. c4 dxe4 33. Rxe4 Rxe4 34. Qxe4
bxc4 35. bxc4 Qd6 36. c5 Qd7 37. b4 Qf7 38. Qf5 Qe7 39. Qe4 Qf7 40. Qe2 Qd7 41.
Qd3 Kf8 42. Qe4 Kg7 43. b5 cxb5 44. d5 b4 45. d6 b3 46. Qb4 Qf7 47. Qd4 Qd7 48.
Qd5 Qf7 49. Qd4 Qe8 50. Qb4 Qf7 51. Qd2 Qd7 52. Qd3 b2 53. Qb3 Qc6 54. Qxb2 Kf7
55. Qb3+ Kg6 56. Qd3+ 1-0

[Event "Tata Steel India Rapid"]
[Site "Kolkata IND"]
[Date "2019.11.23"]
[Round "5"]
[White "Nakamura, Hikaru"]
[Black "Anand, Viswanathan"]
[Result "1/2-1/2"]
[WhiteElo "2741"]
[BlackElo "2757"]
[PlyCount "88"]
[EventDate "2019.11.22"]
[EventType "rapid"]

1. e4 e5 2. Nf3 Nc6 3. Bb5 Nf6 4. d3 Bc5 5. O-O Nd4 6. Be3 Nxf3+ 7. Qxf3 Qe7 8.
c3 Bxe3 9. Qxe3 c6 10. Ba4 O-O 11. Nd2 d5 12. Rfe1 d4 13. cxd4 Qb4 14. Bb3 exd4
15. Qe2 Nd7 16. f4 Nc5 17. f5 Nxb3 18. axb3 c5 19. Rf1 f6 20. g4 Bd7 21. Qg2 a5
22. g5 Kh8 23. Rf3 fxg5 24. Qxg5 Qb6 25. Kh1 Qf6 26. Qg2 g6 27. fxg6 Qxg6 28.
Rg3 Qe6 29. Nf3 Rg8 30. Rg1 Rxg3 31. Qxg3 Rg8 32. Ng5 Qe7 33. Qe5+ Rg7 34. Ne6
Bxe6 35. Rxg7 Qxg7 36. Qxe6 Qg5 37. Qc8+ Kg7 38. Qxb7+ Kg6 39. Qc6+ Kh5 40.
Qe8+ Kh4 41. Qf7 Qc1+ 42. Kg2 Qg5+ 43. Kh1 Qc1+ 44. Kg2 Qg5+ 1/2-1/2

[Event "Tata Steel India Rapid"]
[Site "Kolkata IND"]
[Date "2019.11.23"]
[Round "5"]
[White "Giri, Anish"]
[Black "Carlsen, Magnus"]
[Result "0-1"]
[WhiteElo "2776"]
[BlackElo "2870"]
[PlyCount "110"]
[EventDate "2019.11.22"]
[EventType "rapid"]

1. e4 c5 2. Nf3 Nc6 3. Bb5 g6 4. O-O Bg7 5. Bxc6 bxc6 6. Re1 Qc7 7. h3 d6 8. c3
Nf6 9. d4 cxd4 10. cxd4 O-O 11. Nc3 Bb7 12. e5 dxe5 13. dxe5 Rfd8 14. Qc2 Nd5
15. Nxd5 Rxd5 16. e6 f6 17. Be3 a5 18. Bc5 Ba6 19. Rac1 Bh6 20. Be3 Bxe3 21.
Rxe3 c5 22. Rd1 Rad8 23. Rxd5 Rxd5 24. Qa4 Qd8 25. Re1 Kg7 26. Qc6 Bd3 27. Nd2
g5 28. Nb3 c4 29. Nc5 Qd6 30. Qxd6 Rxd6 31. Rd1 f5 32. f3 Rd5 33. Nxd3 cxd3 34.
Kf2 f4 35. Ke1 Re5+ 36. Kf1 Re3 37. Re1 Kf6 38. Kf2 Rxe6 39. Rxe6+ Kxe6 40. Ke1
Kd5 41. b3 Kd4 42. Kd2 e5 43. a3 h6 44. b4 a4 45. Kd1 Kc4 46. Kd2 h5 47. Kd1
Kd4 48. Kd2 h4 49. b5 Kc5 50. Kxd3 Kxb5 51. Ke4 Kc4 52. Kxe5 Kb3 53. Kd4 Kxa3
54. Kc3 Ka2 55. Kc2 a3 0-1